| 000 | 006730000a22002170004500 | ||
|---|---|---|---|
| 003 | LK-CoMWRAF | ||
| 005 | 20231106112421.0 | ||
| 008 | 230817t1990 ||||| |||| 00| 0 eng d | ||
| 020 | _a0803937822 | ||
| 040 |
_aLK-CoMWRAF _dLK-CoMWRAF _eLK-CoMWRAF |
||
| 041 | _aeng | ||
| 082 |
_a362.1 _bRUS |
||
| 100 | _aRussell, Mary Nomme | ||
| 245 |
_aClinical social work: _bresearch and practice |
||
| 260 |
_aNewbury Park: _bSage publications, _c1990 |
||
| 300 |
_a 189 p. ; 23 cm. _bBibliography and index included |
||
| 490 |
_aSage sourcebooks for the human services _v14 |
||
| 650 | _aPSYCHIATRIC SOCIAL WORK | ||
| 650 | _aMedical social work--United States | ||
| 942 | _cBK | ||
| 999 |
_c1192 _d1192 |
||